000 00988cam a22002894a 4500
999 _c10573
_d10573
001 12252409
003 OSt
005 20191231114139.0
008 001207s2002 njua 001 0 eng
010 _a 00068817
020 _z9788178085876
040 _aDLC
_cDLC
_dDLC
042 _apcc
050 0 0 _aHB171.5
_b.C3123 2002
082 0 0 _a330
_221
_bCAS/P
100 _aCase, Karl E
_9908
245 1 0 _aPrinciples of economics /
_cKarl E. Case, Ray C. Fair.
250 _a6th ed.
260 _aUpper Saddle River, N.J. :
_bPrentice Hall,
_cc2002.
300 _axxxvi, 743, G-10, S-21, I-14, P-1, p. :
_bill. (some col.) ;
_c29 cm.
500 _aIncludes index.
650 0 _aEconomics.
700 1 _aFair, Ray C.
_9946
906 _a7
_bcbc
_corignew
_d1
_eocip
_f20
_gy-gencatlg
942 _2ddc
_cBK
_h330
_iCAS/P
_k330
_mCAS/P